Innovar o morir : (Registro nro. 12464)
[ vista simple ]
| 000 -LEADER | |
|---|---|
| fixed length control field | 01654nam a2200301Ia 4500 |
| 003 - CONTROL NUMBER IDENTIFIER | |
| control field | OSt |
| 005 - DATE AND TIME OF LATEST TRANSACTION | |
| control field | 20210914110743.0 |
| 008 - FIXED-LENGTH DATA ELEMENTS--GENERAL INFORMATION | |
| fixed length control field | 130821s2008 ck a gr spa |
| 020 ## - INTERNATIONAL STANDARD BOOK NUMBER | |
| International Standard Book Number | 9789588307183 |
| 040 ## - CATALOGING SOURCE | |
| Original cataloging agency | Co-BoUCM |
| Language of cataloging | spa |
| Transcribing agency | CO-JMCR |
| 041 00 - LANGUAGE CODE | |
| Language code of text/sound track or separate title | spa |
| 082 04 - DEWEY DECIMAL CLASSIFICATION NUMBER | |
| Classification number | 658.406 / |
| Item number | M828i |
| Edition number | 23 |
| 100 1# - MAIN ENTRY--PERSONAL NAME | |
| Personal name | Morales Nieto, Enrique, |
| Relator term | autor |
| 9 (RLIN) | 13036 |
| 245 10 - TITLE STATEMENT | |
| Title | Innovar o morir : |
| Remainder of title | cómo obtener resultados excepcionales con baja inversión / |
| Statement of responsibility, etc. | Enrique Morales Nieto |
| 260 ## - PUBLICATION, DISTRIBUTION, ETC. | |
| Place of publication, distribution, etc. | Bogotá (Colombia) |
| Name of publisher, distributor, etc. | CESA, Mayol Ediciones, |
| Date of publication, distribution, etc. | 2008. |
| 300 ## - PHYSICAL DESCRIPTION | |
| Extent | xx, 306 páginas : |
| Other physical details | ilustraciones, cuadros, tablas ; |
| Dimensions | 23 cm. |
| 504 ## - BIBLIOGRAPHY, ETC. NOTE | |
| Bibliography, etc. note | Incluye bibliografía. |
| 505 0# - FORMATTED CONTENTS NOTE | |
| Formatted contents note | Innovación. --Internacionalización. --Redes comerciales. |
| 520 0# - SUMMARY, ETC. | |
| Summary, etc. | NNOVAR O MORIR es un libro que proporciona herramientas a todos aquellos que requieran desarrollar nuevos productos, nuevos mercados y aumentar significativamente sus utilidades con bajas inversiones.<br/>Está escrito desde la perspectiva de un presidente de empresas que ha tenido que estar en permanente contacto con la INNOVACIÓN para lograr que los negocios a su cargo crezcan y sean rentables. Por esta razón, los ejemplos y anécdotas que se presentan son extraídos de la práctica gerencial, y son explicados de una manera coloquial y amena. |
| 650 04 - SUBJECT ADDED ENTRY--TOPICAL TERM | |
| Topical term or geographic name entry element | Administración de empresas |
| 9 (RLIN) | 435 |
| 650 04 - SUBJECT ADDED ENTRY--TOPICAL TERM | |
| Topical term or geographic name entry element | Aptitud creadora en los negocios |
| 9 (RLIN) | 9275 |
| 650 04 - SUBJECT ADDED ENTRY--TOPICAL TERM | |
| Topical term or geographic name entry element | Desarrollo de nuevos productos |
| 9 (RLIN) | 12945 |
| 650 04 - SUBJECT ADDED ENTRY--TOPICAL TERM | |
| Topical term or geographic name entry element | Diseño de productos |
| 9 (RLIN) | 13383 |
| 650 04 - SUBJECT ADDED ENTRY--TOPICAL TERM | |
| Topical term or geographic name entry element | Globalización |
| 9 (RLIN) | 216 |
| 650 04 - SUBJECT ADDED ENTRY--TOPICAL TERM | |
| Topical term or geographic name entry element | Mercadeo |
| 9 (RLIN) | 19305 |
| 710 2# - ADDED ENTRY--CORPORATE NAME | |
| Corporate name or jurisdiction name as entry element | Colegio de Estudios Superiores de Administración. CESA |
| 9 (RLIN) | 40342 |
| 942 ## - ADDED ENTRY ELEMENTS (KOHA) | |
| Koha item type | Books |
| Source of classification or shelving scheme | Dewey Decimal Classification |
| Withdrawn status | Lost status | Source of classification or shelving scheme | Damaged status | Not for loan | Home library | Current library | Shelving location | Date acquired | Source of acquisition | Full call number | Barcode | Date last seen | Copy number | Price effective from | Koha item type |
|---|---|---|---|---|---|---|---|---|---|---|---|---|---|---|---|
| Dewey Decimal Classification | Biblioteca Pública José María del Castillo y Rada | Biblioteca Pública José María del Castillo y Rada | General Stacks | 03/10/2021 | Donación | 658.406 / M828i | 430005274 | 05/16/2024 | Ej.1 | 03/10/2021 | Books |